1635 1637 1403 1980 1992 1233 1382 1863 1454 1785 1521 1204 1327 1110 1972 1864 1478 1339 1420 1407 1031 1314 1085 1696 1103 1212 1189 1031 1139 1298 1418 1718 1662 1778 1375 1494 1824 1821 1985 1450 1997 1714 1079 1702 1887 1330 1161 1201 1104 1906 1163 1887 1208 1897 1223 1282 1008 1404 1741 1306 1106 1934 1684 1091 1113 1267 1396 1264 1861 1798 1508 1303 1075 1604 1814 1444 1547 1188 1512 1017 1277 1903 1439 1278 1328 1383 1156 1352 1393 1048 1867 1127 1870 1644 1597 1008 1947 1547 1078 BCNSPRNW ULIB Ver.6.0+V

เปลี่ยนเป็นภาษาไทย

Change to English
 แสดงรายละเอียดบรรณานุกรม
  กลับหน้าหลัก

Brief Record : Get Marc (ISO 2709) : E-mail record : QR code < ปิดหน้าต่าง
LEADER : 00000nam 2200000uu 4500
001    13399128031
003     ULIB
008    220113s2562||||th 000 0 tha d
020    ^a9786163932266
060    ^aWS125^bม686
110    ^aมูลนิธิศูนย์นมแม่แห่งประเทศไทย
245    ^aก้าวข้าม 5 อุปสรรคให้ลูกรักได้กินนมแม่ตั้งแต่แรกคลอด ฉบับประชาชน
250    ^aพิมพ์ครั้งที่ 1
260    ^aกรุงเทพฯ :^bสำนักงานกองทุนสนับสนุนการสร้างเสริมสุขภาพ,^c2562
300    ^a120 หน้า;^b26 ซม.
650    ^aการเลี้ยงลูกด้วยนมแม่
945    ^p0^l0^i008573
945    ^p0^l0^i008572
945    ^p0^l0^i008571
999    ^aประนอม เกษจรัล
รายการนี้ยังไม่มีแท็ก
คุณยังไม่ได้ล็อกอิน คุณสามารถมีกิจกรรมร่วมกับเว็บไซต์ได้ แต่ต้องล็อกอินก่อน ::
  ล็อกอิน

รายการสื่อสารสนเทศ

ลำดับที่ ประเภท เลขเรียก/บาร์โค้ด สถานที่ สถานะ
1. วิทยาศาสตร์การแพทย์ และสุขภาพ
หนังสือสำรอง
สถานะ=หนังสือสำรอง
WS125 ม686 ฉ.1 
  Barcode: 008571
ห้องสมุดวิทยาเขตสวรรค์ประชารักษ์
►หนังสือทั่วไป
บนชั้น
2. วิทยาศาสตร์การแพทย์ และสุขภาพ
วิทยาศาสตร์การแพทย์ และสุขภาพ
WS125 ม686 ฉ.2 
  Barcode: 008572
ห้องสมุดวิทยาเขตสวรรค์ประชารักษ์
►หนังสือทั่วไป
บนชั้น
3. วิทยาศาสตร์การแพทย์ และสุขภาพ
วิทยาศาสตร์การแพทย์ และสุขภาพ
WS125 ม686 ฉ.3 
  Barcode: 008573
ห้องสมุดวิทยาเขตสวรรค์ประชารักษ์
►หนังสือทั่วไป
บนชั้น

รายการใกล้เคียง
    หัวเรื่อง [การเลี้ยงลูกด้วยนมแม่]

BibComment


ยังไม่เคยถูกคอมเมนท์

คอมเมนท์ทรัพยากรรายการนี้
  คอมเมนท์: ก้าวข้าม 5 อุปสร..


 Copyright 2026. Bcnsprnw @Library